Every team in UEFA competitions 2025-26 - qualifiers included - Statistics

General Stats
  • This quiz has been taken 122 times
  • The average score is 104 of 237
Answer Stats
Answer % Correct
Manchester City
97%
Chelsea
93%
Juventus
93%
Liverpool
93%
Arsenal
92%
Barcelona
92%
Inter Milan
92%
Ajax
90%
Aston Villa
90%
Bayern Munich
90%
Napoli
90%
Paris Saint-Germain
90%
Atletico Madrid
88%
Borussia Dortmund
88%
Real Madrid
88%
Sporting CP
88%
Tottenham Hotspur
88%
Benfica
87%
Celtic
87%
Club Brugge
87%
Monaco
87%
Newcastle
87%
Olympiacos
87%
PSV
87%
Villarreal
87%
Bayer Leverkusen
83%
Galatasaray
83%
Rangers
83%
Atalanta
82%
Copenhagen
82%
Fenerbahce
82%
Marseille
82%
Porto
82%
Roma
82%
Eintracht Frankfurt
80%
Feyenoord
80%
Crvena Zvezda
78%
Fiorentina
78%
Lyon
78%
Real Betis
78%
Basel
77%
Slavia Prague
77%
Crystal Palace
75%
Lille
75%
Red Bull Salzburg
75%
Young Boys
75%
Bodø/Glimt
73%
Bologna
73%
Genk
73%
Sturm Graz
73%
Union Saint-Gilloise
73%
Athletic Club
72%
Dinamo Zagreb
72%
Dynamo Kyiv
72%
Sparta Prague
72%
Anderlecht
70%
Beşiktaş
70%
Nice
70%
Nottingham Forest
70%
FCSB
68%
Maccabi Tel Aviv
68%
Slovan Bratislava
68%
Viktoria Plzeň
68%
Malmö
67%
Panathinaikos
67%
Partizan
67%
Qarabağ
67%
Stuttgart
67%
Braga
65%
PAOK
65%
Ferencváros
63%
Legia Warsaw
63%
Pafos
63%
Rijeka
63%
Strasbourg
63%
Ludogorets
62%
Mainz
62%
Sheriff Tiraspol
62%
Astana
60%
Hajduk Split
60%
HJK
60%
Lech Poznań
60%
Shakhtar Donetsk
60%
AZ Alkmaar
58%
KA
58%
Maccabi Haifa
58%
AEK Athens
57%
Freiburg
55%
Rayo Vallecano
55%
Servette
55%
Utrecht
55%
Aberdeen
53%
Austria Wien
53%
Celta Vigo
53%
Noah
53%
Rapid Wien
53%
Midtjylland
52%
Rosenborg
52%
CFR Cluj
50%
Go Ahead Eagles
48%
Hibernian
48%
48%
Omonia Nicosia
48%
Viking
48%
Kairat
47%
RFS
47%
The New Saints
47%
Lugano
45%
Shamrock Rovers
45%
AEK Larnaca
43%
Wolfsberg
43%
Brann
42%
Dinamo Minsk
42%
Lincoln Red Imps
42%
Maribor
42%
Riga
42%
Samsunspor
42%
Vikingur
42%
AIK
38%
Brøndby
38%
Celje
38%
Differdange
38%
Istanbul Başakşehir
38%
KuPS
38%
Levski Sofia
38%
Olimpija Ljubljana
38%
Santa Clara
38%
Zrinjski Mostar
38%
Raków Częstochowa
37%
Drita
35%
F91 Dudelange
35%
Jagiellonia Białystok
35%
Sarajevo
35%
Breiðablik
33%
Ħamrun Spartans
33%
Levadia
33%
Hapoel Be'er Sheva
32%
Larne
32%
Shelbourne
32%
Flora Tallinn
30%
Milsami Orhei
30%
Sigma Olomouc
30%
Budućnost Podgorica
28%
Linfield
28%
Petrocub Hîncești
28%
Spartak Trnava
28%
Baník Ostrava
27%
Charleroi
27%
Dundee United
27%
Häcken
27%
Hammarby
27%
Ħamrun Spartans
27%
Inter Club d'Escaldes
27%
Vaduz
27%
Virtus
27%
Žalgiris Vilnius
27%
Žilina
27%
Aris Limassol
25%
Fredrikstad
25%
Ararat-Armenia
23%
Ballkani
23%
Borac Banja Luka
23%
Pyunik
23%
Silkeborg
23%
Aktobe
22%
Iberia 1999
22%
Ilves
22%
Sabah
22%
Aris Thessaloniki
20%
Beitar Jerusalem
20%
Egnatia
20%
Győr
20%
HB
20%
Prishtina
20%
Zimbru Chișinău
20%
FC Santa Coloma
18%
Lausanne-Sport
18%
Paksi
18%
Partizani
18%
Arda
17%
Dila Gori
17%
Drogheda United
17%
La Fiorita
17%
Radnički 1923
17%
Universitatea Craiova
17%
Valur
17%
Vardar
17%
Atlètic Club d'Escaldes
15%
Novi Pazar
15%
Polissya Zhytomyr
15%
Puskás Akadémia
15%
Universitatea Cluj
15%
Zira
15%
Hegelmann
13%
Hibernians
13%
Sutjeska
13%
Tre Fiori
13%
Birkirkara
12%
Bruno's Magpies
12%
Cherno More
12%
DAC
12%
Kauno Žalgiris
12%
Paide Linnameeskond
12%
Sileks
12%
St Patrick's Athletic
12%
Torpedo Kutaisi
12%
Varaždin
12%
Dečić
10%
Dinamo City
10%
Koper
10%
Neman Grodno
10%
Ordabasy
10%
Spaeri
10%
Víkingur Reykjavík
10%
Željezničar
10%
Auda
8%
Cliftonville
8%
Dynamo Brest
8%
Malisheva
8%
Nõmme Kalju
8%
NSÍ
8%
Urartu
8%
Vllaznia
8%
Araz-Naxçıvan
7%
Daugavpils
7%
Floriana
7%
Racing Union
7%
SJK
7%
St Joseph's
7%
Torpedo-BelAZ Zhodino
7%
UNA Strassen
7%
Banga
5%
Dungannon Swifts
5%
Haverfordwest County
5%
Penybont
5%
Rabotnički
5%
Olexandriya
3%
No matching quizzes found
Score Distribution
Percent of People with Each Score
Percentile by Number Answered
Your Score History
You have not taken this quiz